Dlh mení osobnosť človeka a je zdrojom duševných porúch (Vybrané poznámky k psychológii a sociológii dlhu)
Psychológia a sociológia dlhu. Morálka dlhu - dlhy sa majú splácať. Dlh mení osobnosť človeka. Správanie človeka v núdzi. Dlžníci a duševné poruchy. Organizovanie zadlžených ľudí. Typológia dlžníkov z pohľadu veriteľa. Členenie dlžníkov podľa komunikačného štýlu. Vymáhanie dlhu. Sporitelia a dlžníci...
Enregistré dans:
| Auteur principal: | |
|---|---|
| Format: | Chapitre de livre |
| Langue: | slovaque |
| Sujets: | |
| Tags: |
Pas de tags, Soyez le premier à ajouter un tag!
|
MARC
| LEADER | 00000naa a2200000 4500 | ||
|---|---|---|---|
| 001 | 0241627 | ||
| 005 | 20180328140437.0 | ||
| 041 | 0 | |a slo | |
| 044 | |a SK | ||
| 245 | 1 | 0 | |a Dlh mení osobnosť človeka a je zdrojom duševných porúch (Vybrané poznámky k psychológii a sociológii dlhu) |c Peter Daniel |
| 520 | |a Psychológia a sociológia dlhu. Morálka dlhu - dlhy sa majú splácať. Dlh mení osobnosť človeka. Správanie človeka v núdzi. Dlžníci a duševné poruchy. Organizovanie zadlžených ľudí. Typológia dlžníkov z pohľadu veriteľa. Členenie dlžníkov podľa komunikačného štýlu. Vymáhanie dlhu. Sporitelia a dlžníci. Veriteľ musí dlžníka chrániť. | ||
| 610 | 2 | 0 | |a zadlženosť |
| 610 | 2 | 0 | |a dlhy |
| 610 | 2 | 0 | |a dlžníci |
| 610 | 2 | 0 | |a veritelia |
| 610 | 2 | 0 | |a psychológia |
| 610 | 2 | 0 | |a sociológia |
| 100 | 1 | |a Daniel, Peter | |